| 000 | 01664nam1a2200361 i 4500 | ||
|---|---|---|---|
| 001 | RU\NLR\BIBL_A\022309824 | ||
| 005 | 20241213110350.0 | ||
| 010 |
_a978-5-93567-300-0 _91000 |
||
| 035 | _a(NLR Aleph) 022309824 | ||
| 090 |
_a13252385 _c13252385 |
||
| 100 | _a20240829d2024 u y0rusy50 ca | ||
| 101 | 0 | _arus | |
| 102 | _aRU | ||
| 105 | _aa z 000ay | ||
| 181 | 0 |
_ai3 _baxxe |
|
| 181 | 0 |
_ab2 _bxb2e |
|
| 182 | 0 | _an | |
| 200 | 1 |
_aГде все начиналось, там должно и закончиться _e[сборник] _fСергей Засядкин _g[художники: Ю. П. Карпенко, Г. А. Тимофеев] |
|
| 203 |
_aТекст _aИзображение _bвизуальные _cнепосредственные |
||
| 210 |
_aМосква _cСтаница-2 _d2024 |
||
| 215 |
_a107 с. _cцв. ил. _d20 |
||
| 327 | 1 | _aСодерж.: В одну воду дважды не войдешь : сказка ; Огневище : рассказ | |
| 686 | 2 | _aШ6(2=Р)8-440.6 | |
| 686 | 0 | _aШ9(2)62=Р7-2 | |
| 700 | 1 |
_aЗасядкин _bС. В. _f1961-2021 _gСергей Валентинович |
|
| 702 | 1 |
_aКарпенко _bЮ. П. _f1961- _gЮрий Павлович _4040 |
|
| 702 | 1 |
_4040 _7ca _8rus _aТимофеев _bГ. А. _cхудожник _f1958- _gГеоргий Анатольевич _92641353 _3RU\NLR\AUTH\770273177 |
|
| 942 | _cBOOK | ||